| 000 | 01007cam a2200337 a 4500 | ||
|---|---|---|---|
| 001 | 6053563 | ||
| 003 | ARRUPE | ||
| 005 | 20160816105714.0 | ||
| 008 | 061124s2006 enk b 001 0 eng | ||
| 015 |
_aGBA6A1133 _2bnb |
||
| 016 | 7 |
_a013613737 _2Uk |
|
| 020 | _a9781904855835 (pbk.) | ||
| 020 | _a1904855830 (pbk.) | ||
| 029 | 1 |
_aYDXCP _b2488528 |
|
| 035 | _a(OCoLC)ocm76853176 | ||
| 035 | _a(OCoLC)76853176 | ||
| 035 | _a(NNC)6053563 | ||
| 040 |
_aUKM _cUKM _dBAKER _dYDXCP _dGZM |
||
| 082 | 0 | 4 |
_a070.5096 _222 |
| 090 |
_aZ465.4 _b.A37 2006 |
||
| 245 | 0 | 0 |
_aAfrican scholarly publishing : _bessays / _cedited by Alois Mlambo. |
| 260 |
_aOxford : _bAfrican Books Collective, _c2006. |
||
| 263 | _a200612 | ||
| 300 |
_axiv, 273 p. ; _c21 cm. |
||
| 504 | _aIncludes bibliographical references and index. | ||
| 650 | 0 |
_aAfrican literature _xHistory _xCriticism _925062 |
|
| 700 | 1 |
_aMlambo, Alois Simon. _925063 |
|
| 942 |
_2lcc _cMONOGRAPH |
||
| 948 | 1 |
_a20070315 _bc _csds12 _dMPS |
|
| 999 |
_c125015 _d125015 |
||